| 000 | 00525cam a2200193ua 4500 | ||
|---|---|---|---|
| 001 | 2521 | ||
| 008 | 110824n ii |||gr||||Z||||||asm | ||
| 020 | _a81-7339-427-X | ||
| 040 | _cMAIN | ||
| 082 | _a410 | ||
| 100 | 1 |
_aDutta Baruah, Phanindra Narayan, _eAuthor. |
|
| 245 | 1 |
_aAdhunik bhasa bigyan parichoi _cby Phanindra narayan Dutta Baruah |
|
| 250 | _a1st. | ||
| 260 |
_aDibrugarh: _bBanalata, _c2006. |
||
| 300 |
_a218p: _bill; _c23cm. |
||
| 653 | _aLinguisties | ||
| 653 | _aAdhunik bhasa bigyan parichoi | ||
| 942 | _cBK | ||
| 999 |
_c2374 _d2374 |
||